[Event "Barcelona Tres Peons 48th"]
[Site "Barcelona"]
[Date "2019.01.25"]
[Round "3.2"]
[White "Corominas Garrido, Jordi"]
[Black "Lleyda Naval, Justo"]
[Result "1-0"]
[WhiteElo "1742"]
[BlackElo "1818"]
[PlyCount "61"]
[EventDate "2019.01.11"]
[EventType "swiss"]
[EventRounds "8"]
[EventCountry "ESP"]
[SourceTitle "EXT 2024"]
[Source "ChessBase"]
[SourceDate "2023.10.10"]
[SourceVersion "1"]
[SourceVersionDate "2023.10.10"]
[SourceQuality "1"]

1. c4 b6 2. Nc3 Bb7 3. e4 e6 4. a3 Nc6 5. d4 f5 6. Nf3 fxe4 7. Nxe4 Nf6 8. Bd3 Be7 9. 0-0 0-0 10. Qc2 h6 11. Re1 Nxe4 12. Bxe4 Na5 13. Ne5 Bxe4 14. Qxe4 Rf6 15. Nxd7 Nb3 16. Nxf6+ Bxf6 17. Qxe6+ Kh8 18. Rb1 Nxd4 19. Qd5 Qf8 20. Be3 c5 21. Bxd4 Bxd4 22. Re2 Rd8 23. Qf3 Qd6 24. Rbe1 Qg6 25. h3 Kg8 26. Re6 Qc2 27. Re8+ Rxe8 28. Rxe8+ Kh7 29. Qe4+ Qxe4 30. Rxe4 Bxb2 31. a4 1-0

[Event "Barcelona Tres Peons 48th"]
[Site "Barcelona"]
[Date "2019.01.11"]
[Round "1.5"]
[White "Lleyda Naval, Justo"]
[Black "Trullas Tugues, Ivan"]
[Result "1-0"]
[WhiteElo "1818"]
[BlackElo "1576"]
[PlyCount "85"]
[EventDate "2019.01.11"]
[EventType "swiss"]
[EventRounds "8"]
[EventCountry "ESP"]
[SourceTitle "EXT 2024"]
[Source "ChessBase"]
[SourceDate "2023.10.10"]
[SourceVersion "1"]
[SourceVersionDate "2023.10.10"]
[SourceQuality "1"]

1. e4 e6 2. d4 d5 3. Nc3 Bb4 4. e5 c5 5. a3 cxd4 6. axb4 dxc3 7. Qg4 Ne7 8. Qxg7 Rg8 9. Qxh7 Qc7 10. Nf3 Bd7 11. Qd3 cxb2 12. Bxb2 Nbc6 13. Qd2 Ng6 14. Qc3 Qb6 15. b5 Nce7 16. Qd4 Qc7 17. b6 Qxc2 18. Bd3 Qc8 19. Rc1 Nc6 20. Qc5 axb6 21. Qxb6 Nf4 22. Bb5 Ra2 23. Bxc6 Nd3+ 24. Kd2 Nxb2 25. Bxd7+ Qxd7 26. Qb3 Nc4+ 27. Ke1 Ra3 28. Qb4 Rxg2 29. Rg1 Rxg1+ 30. Nxg1 Ra4 31. Qc3 Nxe5 32. Ne2 Ng6 33. Qg3 Qd8 34. Kf1 b5 35. Rc7 Rc4 36. Rb7 b4 37. Rb8 Rc8 38. Rxb4 Qa5 39. Qd6 Qa1+ 40. Kg2 Qg7 41. Ng3 Ne5 42. Rb7 Qf8 43. Qxe5 1-0

[Event "Barcelona Vila de Gracia Seniors 55+ op"]
[Site "Barcelona"]
[Date "2018.03.12"]
[Round "2"]
[White "Brusi Noguera, Ricardo Ll"]
[Black "Lleyda Naval, Justo"]
[Result "1-0"]
[WhiteElo "2145"]
[BlackElo "1819"]
[PlyCount "65"]
[EventDate "2018.03.05"]
[EventType "swiss"]
[EventRounds "9"]
[EventCountry "ESP"]
[SourceTitle "EXT 2019"]
[Source "ChessBase"]
[SourceDate "2018.10.10"]
[SourceVersion "1"]
[SourceVersionDate "2018.10.10"]
[SourceQuality "1"]

1. d4 d5 2. c4 e6 3. Nc3 Nf6 4. cxd5 exd5 5. Bg5 Be7 6. e3 c6 7. Bd3 0-0 8. Qc2 Nbd7 9. Nge2 Re8 10. 0-0 Nf8 11. f3 Be6 12. Rad1 Rc8 13. Kh1 a6 14. Bh4 c5 15. Qd2 c4 16. Bb1 b5 17. a3 Ng6 18. Bf2 Qc7 19. Bg1 Rcd8 20. Ng3 Bd6 21. Nf5 Bxf5 22. Bxf5 Ne7 23. Bh3 Nc6 24. Bf5 Qe7 25. Bb1 Nh5 26. Qf2 Qg5 27. g4 Re6 28. gxh5 Qxh5 29. f4 Rde8 30. Qf3 Qxf3+ 31. Rxf3 b4 32. Nxd5 bxa3 33. bxa3 1-0

[Event "Barcelona Vila Gracia Seniors 55 op 4th"]
[Site "Barcelona"]
[Date "2017.03.27"]
[Round "4.7"]
[White "Lleyda Naval, Justo"]
[Black "Prats Rodriguez, Juan Bosco"]
[Result "1/2-1/2"]
[WhiteElo "1812"]
[BlackElo "1974"]
[PlyCount "131"]
[EventDate "2017.03.06"]
[EventType "swiss"]
[EventRounds "9"]
[EventCountry "ESP"]
[SourceTitle "EXT 2024"]
[Source "ChessBase"]
[SourceDate "2023.10.10"]
[SourceVersion "1"]
[SourceVersionDate "2023.10.10"]
[SourceQuality "1"]

1. e4 d5 2. exd5 Qxd5 3. Nc3 Qd8 4. d4 g6 5. Nf3 Bg7 6. h3 Nf6 7. Be3 a6 8. Be2 0-0 9. 0-0 b5 10. Qc1 Bb7 11. Rd1 Nbd7 12. Bh6 Nb6 13. Bxg7 Kxg7 14. a3 Qd6 15. Qg5 Nbd7 16. Ne5 h6 17. Qe3 Nb6 18. Ng4 Nxg4 19. hxg4 Rad8 20. Ne4 Qc6 21. f3 Qe6 22. Qf4 g5 23. Qf5 Qxf5 24. gxf5 Nd5 25. Kf2 Bc8 26. g4 e6 27. c4 bxc4 28. Bxc4 exf5 29. gxf5 Rfe8 30. Rac1 Bxf5 31. Ng3 Bg6 32. Bxd5 Rxd5 33. Rxc7 h5 34. Rc5 Rxc5 35. dxc5 h4 36. Nf1 a5 37. Rd4 Rb8 38. b4 axb4 39. axb4 Kf6 40. Ne3 Bf5 41. Nxf5 Kxf5 42. c6 Ke5 43. c7 Rc8 44. Rc4 Kd6 45. Rc5 f6 46. Rf5 Rxc7 47. Rxf6+ Ke5 48. Rf8 Rc2+ 49. Kg1 Rb2 50. Rf7 Rxb4 51. Kg2 Rf4 52. Re7+ Kf6 53. Re8 Ra4 54. Rf8+ Ke5 55. Kh3 Rf4 56. Re8+ Kd4 57. Kg2 Rf5 58. Re4+ Kd3 59. Re8 Kd2 60. Re7 Kd3 61. Re8 Ra5 62. Kg1 Ra2 63. Re5 h3 64. Rxg5 h2+ 65. Kh1 Ke3 66. Rg2 1/2-1/2

[Event "Barcelona Vila Gracia Seniors 55 op 4th"]
[Site "Barcelona"]
[Date "2017.03.20"]
[Round "3.3"]
[White "Daguro Dasalla, Armando"]
[Black "Lleyda Naval, Justo"]
[Result "1/2-1/2"]
[WhiteElo "1962"]
[BlackElo "1812"]
[PlyCount "130"]
[EventDate "2017.03.06"]
[EventType "swiss"]
[EventRounds "9"]
[EventCountry "ESP"]
[SourceTitle "EXT 2024"]
[Source "ChessBase"]
[SourceDate "2023.10.10"]
[SourceVersion "1"]
[SourceVersionDate "2023.10.10"]
[SourceQuality "1"]

1. d4 Nf6 2. c4 g6 3. Nf3 Bg7 4. g3 0-0 5. Bg2 c5 6. d5 d6 7. Nc3 Bf5 8. Nh4 Qc8 9. Nxf5 Qxf5 10. 0-0 Na6 11. e4 Qd7 12. h3 Nc7 13. a4 Na6 14. Be3 Nb4 15. Qd2 Rab8 16. Kh2 h5 17. f4 Bh6 18. Rg1 Kh7 19. Bf3 Rg8 20. Rae1 b6 21. Rg2 e5 22. Rf1 Rbf8 23. Bd1 exf4 24. Bxf4 Bxf4 25. Qxf4 Ne8 26. Qh4 Ng7 27. g4 Qd8 28. Qxd8 Rxd8 29. Rxf7 h4 30. e5 dxe5 31. Ne4 Rgf8 32. Re7 Nd3 33. g5 Rf4 34. Nf6+ Kh8 35. b3 Nf2 36. Bc2 Rf3 37. Bxg6 Rxh3+ 38. Kg1 Nd1 39. Rxe5 Ne3 40. Rh2 Rg3+ 41. Kh1 h3 42. Re4 Ngf5 43. Bxf5 Nxf5 44. Rf4 Rxb3 45. Rhf2 Ng3+ 46. Kh2 Kg7 47. R2f3 Rxf3 48. Rxf3 Ne2 49. Rxh3 Kg6 50. Re3 Nd4 51. Rg3 a6 52. Ne4 b5 53. Nxc5 bxc4 54. Rc3 Rxd5 55. Rxc4 Kxg5 56. Nxa6 Ne6 57. Nb4 Rd6 58. a5 Rd4 59. Rxd4 Nxd4 60. a6 Nb5 61. Kg2 Kf5 62. Kf3 Ke5 63. Ke3 Kd6 64. Kd3 Kc5 65. Na2 Nc7 1/2-1/2

[Event "Barcelona Vila Gracia op 10th"]
[Site "Barcelona"]
[Date "2016.10.21"]
[Round "4.7"]
[White "Lleyda Naval, Justo"]
[Black "Ortega Rios, Jorge"]
[Result "1/2-1/2"]
[WhiteElo "1835"]
[BlackElo "2030"]
[PlyCount "69"]
[EventDate "2016.09.30"]
[EventType "swiss"]
[EventRounds "9"]
[EventCountry "ESP"]
[SourceTitle "EXT 2024"]
[Source "ChessBase"]
[SourceDate "2023.10.10"]
[SourceVersion "1"]
[SourceVersionDate "2023.10.10"]
[SourceQuality "1"]

1. c4 Nf6 2. Nc3 g6 3. g3 Bg7 4. Bg2 d6 5. Nf3 0-0 6. 0-0 e5 7. d4 Nc6 8. dxe5 dxe5 9. Qxd8 Rxd8 10. Bg5 Be6 11. b3 h6 12. Bxf6 Bxf6 13. Ne4 Be7 14. Rfd1 f5 15. Nc3 e4 16. Ne1 Bf6 17. Rxd8+ Rxd8 18. Rc1 Bxc3 19. Rxc3 Rd1 20. Kf1 Ra1 21. f3 exf3 22. Bxf3 Rxa2 23. Bxc6 bxc6 24. Nd3 Kf7 25. Ne5+ Kf6 26. Nxc6 Bc8 27. Nb4 Ra1+ 28. Kf2 c5 29. Nd3 Ra5 30. Nf4 g5 31. Nd5+ Ke5 32. Re3+ Kd6 33. Rd3 Ke5 34. Re3+ Kd6 35. Rd3 1/2-1/2

[Event "Barcelona Sant Marti op-B 18th"]
[Site "Barcelona"]
[Date "2016.07.21"]
[Round "9.13"]
[White "Lleyda Naval, Justo"]
[Black "Martin Villanova, Jordi"]
[Result "1/2-1/2"]
[WhiteElo "1818"]
[BlackElo "1919"]
[PlyCount "70"]
[EventDate "2016.07.13"]
[EventType "swiss"]
[EventRounds "9"]
[EventCountry "ESP"]
[SourceTitle "EXT 2024"]
[Source "ChessBase"]
[SourceDate "2023.10.10"]
[SourceVersion "1"]
[SourceVersionDate "2023.10.10"]
[SourceQuality "1"]

1. e4 c5 2. Nf3 d6 3. d4 cxd4 4. Nxd4 Nf6 5. Nc3 a6 6. Be2 b5 7. a3 Bb7 8. Bf3 Nbd7 9. 0-0 e6 10. Re1 Be7 11. g3 0-0 12. Bg2 Qc7 13. Nf3 Rfd8 14. Qe2 Rac8 15. h3 Nc5 16. e5 Nd5 17. Nxd5 Bxd5 18. Bf4 Na4 19. exd6 Bxd6 20. Bxd6 Rxd6 21. c3 Nc5 22. Nd2 Bxg2 23. Kxg2 Nd3 24. Reb1 Rcd8 25. Nf3 Qc6 26. Kg1 Qc5 27. Ne1 Ne5 28. Rd1 Nc4 29. Rxd6 Qxd6 30. a4 e5 31. axb5 axb5 32. Nf3 e4 33. Qxe4 Nxb2 34. Ra8 Nd1 35. Rxd8+ Qxd8 1/2-1/2

[Event "Barcelona Sant Marti op-B 18th"]
[Site "Barcelona"]
[Date "2016.07.19"]
[Round "7.4"]
[White "Lleyda Naval, Justo"]
[Black "Cervello Tost, Roger"]
[Result "0-1"]
[WhiteElo "1818"]
[BlackElo "1910"]
[PlyCount "86"]
[EventDate "2016.07.13"]
[EventType "swiss"]
[EventRounds "9"]
[EventCountry "ESP"]
[SourceTitle "EXT 2024"]
[Source "ChessBase"]
[SourceDate "2023.10.10"]
[SourceVersion "1"]
[SourceVersionDate "2023.10.10"]
[SourceQuality "1"]

1. e4 e5 2. Nf3 Nc6 3. Bb5 a6 4. Ba4 Nf6 5. d4 exd4 6. e5 Ne4 7. 0-0 Be7 8. Re1 Nc5 9. Bxc6 dxc6 10. Qxd4 0-0 11. Nc3 Ne6 12. Qxd8 Rxd8 13. Be3 b6 14. Red1 Bb7 15. Nd4 Nxd4 16. Rxd4 Rxd4 17. Bxd4 Bg5 18. Ne2 c5 19. Bc3 Be4 20. f4 Be7 21. Rc1 Rd8 22. Ng3 Bb7 23. Nf5 Bf8 24. Ne3 b5 25. Be1 c4 26. Rd1 Rxd1 27. Nxd1 Be4 28. c3 a5 29. a3 Bc5+ 30. Bf2 Be7 31. Be1 Kf8 32. Nf2 Bc5 33. Kf1 Bd3+ 34. Nxd3 cxd3 35. Bf2 Bxf2 36. Kxf2 c5 37. b3 c4 38. bxc4 bxc4 39. g4 Ke7 40. Ke3 Ke6 41. h3 g5 42. fxg5 Kxe5 43. h4 d2 0-1

[Event "Barcelona Vila Gracia Seniors 55 op 3rd"]
[Site "Barcelona"]
[Date "2016.05.09"]
[Round "8.6"]
[White "Caballe Sasot, Roger"]
[Black "Lleyda Naval, Justo"]
[Result "1-0"]
[WhiteElo "1949"]
[BlackElo "1891"]
[PlyCount "111"]
[EventDate "2016.03.07"]
[EventType "swiss"]
[EventRounds "8"]
[EventCountry "ESP"]
[SourceTitle "EXT 2024"]
[Source "ChessBase"]
[SourceDate "2023.10.10"]
[SourceVersion "1"]
[SourceVersionDate "2023.10.10"]
[SourceQuality "1"]

1. c4 c5 2. f4 Nf6 3. Nc3 g6 4. e4 d6 5. Nf3 Bg7 6. Be2 Nc6 7. d3 0-0 8. 0-0 e6 9. Rb1 Bd7 10. Kh1 Nd4 11. Be3 Ne8 12. Qd2 Nc7 13. b4 b6 14. b5 a6 15. a4 axb5 16. axb5 Ra3 17. Bxd4 cxd4 18. Nd1 Qa8 19. Nf2 e5 20. Qb4 Ne8 21. fxe5 dxe5 22. Qe7 Be6 23. Qb4 Ra4 24. Qe1 Nd6 25. Ra1 Nb7 26. Qd1 Ra2 27. Qb1 Ra5 28. Rxa5 Qxa5 29. Ng5 Nc5 30. Nxe6 Nxe6 31. g3 Ra8 32. Ng4 Qd2 33. Rf2 h5 34. Bf1 Qg5 35. h4 Qxg4 36. Kh2 Nf4 37. gxf4 Qxh4+ 38. Kg1 Qg3+ 39. Bg2 Qe3 40. Kf1 Ra3 41. c5 bxc5 42. b6 Rxd3 43. Rf3 Qxf3+ 44. Bxf3 Rxf3+ 45. Ke2 Re3+ 46. Kf2 Bf8 47. b7 Bd6 48. b8Q+ Bxb8 49. Qxb8+ Kh7 50. Qxe5 Rc3 51. Ke2 Kg8 52. Kd2 h4 53. Qc7 Kg7 54. e5 Kg8 55. Qd7 Kh7 56. Qxf7+ 1-0

[Event "Barcelona Vila de Gracia Seniors 55+ op"]
[Site "Barcelona"]
[Date "2015.05.11"]
[Round "8"]
[White "Lleyda Naval, Justo"]
[Black "Monedero Gonzalez, Josep"]
[Result "1/2-1/2"]
[WhiteElo "1976"]
[BlackElo "2175"]
[PlyCount "104"]
[EventDate "2015.03.16"]
[EventType "swiss"]
[EventRounds "8"]
[EventCountry "ESP"]
[SourceTitle "EXT 2018"]
[Source "ChessBase"]
[SourceDate "2017.10.13"]
[SourceVersion "1"]
[SourceVersionDate "2017.10.13"]
[SourceQuality "1"]

1. d4 Nf6 2. Nf3 g6 3. e3 Bg7 4. Bc4 d5 5. Bb3 0-0 6. 0-0 b6 7. Nbd2 c5 8. c3 Nc6 9. Re1 Qd6 10. Bc2 e5 11. e4 cxd4 12. cxd4 Bg4 13. h3 Bxf3 14. Nxf3 dxe4 15. dxe5 Qxd1 16. Rxd1 exf3 17. exf6 Bxf6 18. Rd6 Nd4 19. Be4 Ne2+ 20. Kf1 Rad8 21. Rxd8 Rxd8 22. Bxf3 Nxc1 23. Rxc1 Bxb2 24. Rc7 a5 25. Be2 Be5 26. Rb7 Rd6 27. Bc4 Rf6 28. Ke2 h5 29. g3 g5 30. Rd7 Bc3 31. Rd5 Re6+ 32. Kd3 Bf6 33. Rd7 Re7 34. Rxe7 Bxe7 35. a4 Kg7 36. g4 h4 37. f3 Ba3 38. Ke4 Kf6 39. Bb3 Ke7 40. Kf5 Bc1 41. Bc4 Kd6 42. Ke4 Kc5 43. Bb5 Kb4 44. Kd3 Bf4 45. Bd7 Kb3 46. Ke2 Kc3 47. Kf2 Kd2 48. Bb5 Be3+ 49. Kg2 Bc5 50. Bd7 Ke3 51. Bc6 Kf4 52. Bd7 Be3 1/2-1/2

[Event "Barcelona Tres Peons op 14th"]
[Site "Barcelona"]
[Date "2012.02.10"]
[Round "5"]
[White "Subirana Bonet, Daniel"]
[Black "Lleyda Naval, Justo"]
[Result "1-0"]
[WhiteElo "2100"]
[BlackElo "1967"]
[PlyCount "73"]
[EventDate "2012.01.13"]
[EventType "swiss"]
[EventRounds "9"]
[EventCountry "ESP"]
[SourceTitle "EXT 2013"]
[Source "ChessBase"]
[SourceDate "2012.11.22"]
[SourceVersion "1"]
[SourceVersionDate "2012.11.22"]
[SourceQuality "1"]

1. e4 e5 2. Nf3 Nf6 3. Nc3 Nc6 4. Bb5 d6 5. d4 exd4 6. Nxd4 Bd7 7. 0-0 Be7 8. Re1 Nxd4 9. Bxd7+ Nxd7 10. Qxd4 0-0 11. Nd5 Re8 12. Bd2 Bf6 13. Nxf6+ Qxf6 14. Qxf6 Nxf6 15. f3 Re6 16. Bc3 Nd7 17. Rad1 Rae8 18. Kf2 f6 19. Rd4 Nb6 20. Ba5 Kf7 21. Bxb6 axb6 22. g4 g6 23. Ke3 Ra8 24. a3 Ra5 25. Red1 f5 26. Kf4 fxg4 27. Kxg4 Rf6 28. f4 Ke6 29. R1d3 Rc5 30. c3 Ra5 31. c4 b5 32. b4 bxc4 33. Rxc4 Rh5 34. Rxc7 Rxh2 35. Rxb7 Rf2 36. Rxd6+ Kxd6 37. e5+ 1-0

[Event "Barcelona Catalunya op"]
[Site "Barcelona"]
[Date "2010.04.02"]
[Round "7"]
[White "Ramon Solans, Albert"]
[Black "Lleyda Naval, Justo"]
[Result "1-0"]
[WhiteElo "2166"]
[BlackElo "1971"]
[PlyCount "33"]
[EventDate "2010.03.27"]
[EventType "swiss"]
[EventRounds "9"]
[EventCountry "ESP"]
[SourceTitle "CBM 135 Extra"]
[Source "ChessBase"]
[SourceDate "2010.05.04"]
[SourceVersion "1"]
[SourceVersionDate "2010.05.04"]
[SourceQuality "1"]

1. e4 e5 2. Nf3 Nf6 3. Nxe5 d6 4. Nxf7 Kxf7 5. d4 Nc6 6. Bc4+ d5 7. exd5 Qe7+ 8. Be3 Qb4+ 9. Nd2 Na5 10. Bd3 Bg4 11. f3 Nxd5 12. fxg4 Kg8 13. Qf3 Qd6 14. 0-0 Qd7 15. Bf5 Qd6 16. Be4 Nf6 17. g5 1-0

[Event "Catalunya-ch"]
[Site "Barcelona"]
[Date "2007.04.03"]
[Round "3"]
[White "Colom Andres, Xavier"]
[Black "Lleyda Naval, Justo"]
[Result "1-0"]
[WhiteElo "2055"]
[BlackElo "1981"]
[PlyCount "109"]
[EventDate "2007.04.01"]
[EventType "swiss"]
[EventRounds "9"]
[EventCountry "ESP"]
[SourceTitle "CBM 117 Extra"]
[Source "ChessBase"]
[SourceDate "2007.05.09"]
[SourceVersion "1"]
[SourceVersionDate "2007.05.09"]
[SourceQuality "1"]

1. d4 d5 2. c4 e6 3. Nc3 Nf6 4. cxd5 exd5 5. Bg5 Be7 6. Qc2 c6 7. e3 0-0 8. Bd3 Nbd7 9. Nge2 Re8 10. 0-0 Nf8 11. f3 Be6 12. Rad1 Rc8 13. Qd2 Ng6 14. e4 h6 15. Bxf6 Bxf6 16. e5 Be7 17. f4 Bg4 18. h3 Bxe2 19. Qxe2 Nf8 20. f5 c5 21. Qg4 f6 22. Bb5 cxd4 23. Ne2 Nd7 24. Bxd7 Qxd7 25. e6 Qa4 26. Nf4 d3 27. Rxd3 Qe4 28. Rg3 Bf8 29. Qg6 Kh8 30. Nh5 Re7 31. Kh1 Qe5 32. b3 Rec7 33. Qg4 Bd6 34. Nf4 Qb2 35. Re1 Bxf4 36. Qxf4 Re7 37. Qb4 Rce8 38. Rc3 Qf2 39. Rf3 Qxa2 40. Qd4 Qa5 41. Ra1 Qb6 42. Qxd5 Rd8 43. Qc4 a6 44. Rc1 Qd4 45. Rfc3 Qe5 46. Qg4 g5 47. Qb4 Rde8 48. Rc5 Qd6 49. Qg4 Rg8 50. b4 Rgg7 51. Rd1 Qb6 52. Qd4 Kh7 53. Qxf6 a5 54. Qd4 axb4 55. f6 1-0